000 00870nam a2200265 i 4500
001 000049167
003 DO-SdBNP
005 20240411202004.0
007 ta
008 190724s1973 dr 000 0 spa d
040 _aDO-SdBNP
_bspa
_cBNPHU
_erda
082 4 _bS814q
_222
100 _aSteele, Pablo,
_d1911
_eautor
_960236
110 1 _aRepública Dominicana.
_bSecretaría de Estado de Interior y Policia
_954546
245 0 0 _a¿Quienes son los dueños de América Latina? /
_cPablo Steele
264 _aPanamá :
_bInstituto Cooperativo Interemericano,
_c1973
300 _a204 paginas ;
_c18 cm.
336 _2rdacontent
_atexto
_btxt
337 _2rdamedia
_asin mediación
_bn
338 _2rdacarrier
_avolumen
_bnc
590 _aInventariado, 2023/DG
650 0 _aDerechos humanos
_9658
910 _aDG/Validado. Control de calidad MFF
942 _2ddc
_cLBS1
999 _c54309
_d54309